| 000 | 00566nam a2200217 4500 | ||
|---|---|---|---|
| 003 | OSt | ||
| 005 | 20260601193842.0 | ||
| 008 | 260417b1965 NYUa|||| |||| 00| 0 spa d | ||
| 040 |
_aICI _bspa _cICI |
||
| 050 |
_aNA7445 _bK47 |
||
| 100 | 1 |
_aKepes, Gyorgy, _d1906-2001, _930935 |
|
| 245 | 1 | _aLa educación visual. | |
| 264 |
_bNovaro, _c1968 _aMéxico : |
||
| 300 | _a233 páginas | ||
| 336 |
_atexto _2rdacontent |
||
| 337 |
_asin medio _2rdamedia |
||
| 338 |
_avolumen _2rdacarrier |
||
| 650 |
_aNaturaleza (Estética) _930936 |
||
| 650 | 4 | _aArte | |
| 942 |
_2lcc _cB |
||
| 999 |
_c21500 _d21500 |
||